| 000 | 01431cam a2200325 a 4500 | ||
|---|---|---|---|
| 001 | ocn276648236 | ||
| 003 | OCoLC | ||
| 005 | 20260405142728.0 | ||
| 008 | 081104s2009 ne abe 001 0 eng | ||
| 015 |
_aGBA8D4037 _2bnb |
||
| 016 | 7 |
_a014836824 _2Uk |
|
| 020 | _a9780750659338 (pbk.) | ||
| 020 | _a0750659335 (pbk.) | ||
| 035 |
_a(OCoLC)276648236 _z(OCoLC)246895327 |
||
| 040 |
_aUKM _cUKM _dYDXCP _dBWKUK _dBWK _dCDX _dBWX _dBON _dBTCTA |
||
| 050 | 4 |
_aNA208 _b.H43 2009 |
|
| 082 | 0 | 4 |
_a720.103 H43 2009 _222 |
| 090 |
_aNA208 _b.H43 2009 |
||
| 100 | 1 | _aHeath, Kingston Wm. | |
| 245 | 1 | 0 |
_aVernacular architecture and regional design : _bcultural process and environmental response / _cKingston Wm. Heath. |
| 250 | _a1st ed. | ||
| 260 |
_aAmsterdam ; _aBoston ; _aLondon : _bArchitectural Press, _cc2009. |
||
| 300 |
_axxiv , 185 p. : _bill., maps, plans ; _c25 cm. |
||
| 500 | _aIncludes index. | ||
| 505 | 0 | _aSection one: Exploring the nature of place -- Section two: From regional theory to a situated regional response. | |
| 520 | _aDefines a set of strategies for understanding the complexities of a regional setting and, through a series of international case studies, examines how architects and designers have applied a variety of tactics to achieve culturally and environmentally appropriate design solutions. | ||
| 650 | 0 | _aVernacular architecture. | |
| 650 | 0 | _aSustainable architecture. | |
| 942 |
_2ddc _cBK-EN _n0 |
||
| 999 |
_c8746 _d8746 |
||